| 000 | 005490000a22001930004500 | ||
|---|---|---|---|
| 003 | LK-CoMWRAF | ||
| 005 | 20230906004233.0 | ||
| 008 | 230817t1984 ||||| |||| 00| 0 eng d | ||
| 020 | _a0863560210 | ||
| 040 |
_aLK-CoMWRAF _dLK-CoMWRAF _eLK-CoMWRAF |
||
| 041 | _aeng | ||
| 082 |
_a956 _bFOR |
||
| 245 |
_aForbidden agendas: _bintolerance and defiance in the Middle East : Khamsin, an anthology |
||
| 260 |
_aLondon: _bSaqi Books, _c1984 |
||
| 300 | _a400 p. ; 21 cm. | ||
| 650 | _aMIDDLE EAST-History | ||
| 700 | _aRothschild, Jon | ||
| 942 | _cBK | ||
| 999 |
_c2460 _d2460 |
||